01634nam a2200277 a 4500001001500000005001700015008004100032020003500073020003000108040000600138050000900144082002600153100002200179245004600201250001800247260003600265300002100301490002600322520074300348650001201091830002601103856008201129942001201211999001701223952011601240ASIN174179284320170105102926.0131211s2011 xxu eng d a1741792843 (paperback)c$22.99 a9781741792843 (paperback) a004aDB1604a914.3604535bAUS 20111 aHaywood, Anthony.10aLonely planet austria /cAnthony Haywood. a6 Pap/Map ed. a[S.l.] :bLonely Planet,c2011. a432 p. ;c20 cm.1 aCountry travel guide. a“Mountains, lakes and deep alpine valleys; food and wine, and Vienna’s gritty eloquence: Austria has captivating culture to get into, and iconic landscapes for getting away from it all.” – Anthony Haywood, Lonely Planet Writer Our Promise You can trust our travel information because Lonely Planet authors visit the places we write about, each and every edition. We never accept freebies for positive coverage, and you can rely on us to tell it like we see it. Inside This Book… 3 experienced authors 5 marmots spotted 100 days of in-country research 305 cups of Viennese coffee consumed Inspirational photos Clear, easy-to-use maps Outdoor activities In-depth background Comprehensive planning tools At a glance practical info. 0aAustria 0aCountry travel guide.403Amazon.comuhttp://www.amazon.com/exec/obidos/ASIN/1741792843/chopaconline-20 2ddccBK c15804d15804 001040708NFICaCIPSbCIPScGENd2013-10-02l0o914.3604535 AUS 2011pCIPS0001723r2013-12-12w2017-01-05yBK